000 00976nam a2200265 a 4500
001 72300
003 BD-RjUL
005 20211209082238.0
008 170516s1955 enkabf b 001 0 eng d
035 _a(BD-RjUL)72517
040 _aDLC
_cMdU-BC
_dOCoLC
_dUk
_dBD-RjUL
_beng
041 _aeng
082 _a551.0941
_223
_bSTB 1955
100 1 _aStamp, L. Dudley
_q(Laurence Dudley),
_d1898-1966.
_9213793
245 1 0 _aBritain's Structure and Scenery /
_cby L. Dudley Stamp; with 47 colour photographs, 40 photographs in black and white, 74 maps and diagrams.
250 _a4th ed.
260 _aLondon :
_bCollins,
_c1955.
300 _axvi, 255 p. :
_bill. ;
_c23 cm.
504 _aBibliography: p. 241-244 7 Index.
650 0 _aGeology
_9213795
_xGreat Britain
856 _3The new naturalist; a survey of British natural history
_u[4]
942 _2ddc
_cBK
999 _c72300
_d72300